| 000 | 01132nam a2200241Ia 4500 | ||
|---|---|---|---|
| 001 | 23769 | ||
| 003 | GE_BSU | ||
| 008 | 181216s||||||||xx |||||||||||||| ||und|| | ||
| 040 | _cGE_BSU | ||
| 080 | _a94(479.22:470)"09/15 | ||
| 100 | _aცინცაძე, ი. | ||
| 245 | _aძიებანი რუსეთ-საქართველოს ურთიერთობის ისტორიიდან (X-XVI სს). | ||
| 245 | _cრედ. შ. მესხია | ||
| 260 | _aთბილისი | ||
| 260 | _bთბილ. უნ-ტის გამ-ბა | ||
| 260 | _c1956 | ||
| 300 | _a352გვ. ; 22სმ. | ||
| 300 | _eბიბლიოგრ. შენიშვნებში. - დანართი: "საძიებლები", გვ. 333-348. | ||
| 541 | _h8 ლ. | ||
| 653 | _aრუსეთ-საქართველოს ურთიერთობის ისტორია, X-XVI სს. | ||
| 653 | _aძიებანი რუსეთ-საქართველოს ურთიერთობის ისტორიიდან (X-XVI სს). | ||
| 942 | _cBK | ||
| 999 |
_c56647 _d56647 |
||